The Canadians : biographies of a nation /

Bibliographic Details
Main Author: Watson, Patrick, 1929-
Format: Book
Language:English
Published: Toronto : McArthur & Company, 2000.
Subjects:

MARC

Tag First Indicator Second Indicator Subfields
LEADER 00000cam a2200000 a 4500
001 in00001655893
005 20151023095035.0
008 010202s2000 onc b 000 0ceng
010 |a  2001334272 
020 |a 1552781704 
035 |a (OCoLC)ocm44405697 
040 |a DLC  |c DLC  |d NLC  |d TXA  |d UtOrBLW 
043 |a n-cn--- 
049 |a TXAM 
050 0 0 |a CT284  |b .W38 2000 
055 0 1 |a FC25 
082 0 0 |a 971/.009/9  |2 21 
100 1 |a Watson, Patrick,  |d 1929- 
245 1 4 |a The Canadians :  |b biographies of a nation /  |c Patrick Watson. 
264 1 |a Toronto :  |b McArthur & Company,  |c 2000. 
300 |a vii, 336 pages ;  |c 22 cm. 
336 |a text  |b txt  |2 rdacontent 
337 |a unmediated  |b n  |2 rdamedia 
338 |a volume  |b nc  |2 rdacarrier 
500 |a Based on the television series The Canadians: biographies of a nation. 
504 |a Includes bibliographical references. 
651 0 |a Canada  |v Biography. 
630 0 0 |a Canadians--biographies of a nation (Television program) 
948 |a cataloged  |b h  |c 2002/5/24  |d c  |e dmitchel  |f 10:44:24 am 
994 |a E0  |b TXA 
999 |a MARS 
999 f f |s e266733b-46c3-35cf-82d8-c58e46044e1f  |i 9237ecc7-2d5b-3608-b4e4-cf52090465e0  |t 0 
952 f f |p ric  |a Texas A&M University  |b Rellis Campus  |c Joint Library Facility  |d Remote Storage  |t 0  |e CT284 .W38 2000  |h Library of Congress classification  |i unmediated -- volume  |m A14828932244 
998 f f |a CT284 .W38 2000  |t 0  |l Remote Storage